00305nam a22000977a 4500008004100000082002300041100004300064245005400107260003400161300001200195230623b xxu||||| |||| 00| 0 eng d a330.9676bZWA 1975 cR. M. A. Van Zwanenberg with Anne King aAn Economic History of Kenya and Uganda 1800-1970 bThe Macmillan Press Ltdc1975 aXV,326p